| 000 | 00811cam a22002291i 4500 | ||
|---|---|---|---|
| 001 | gs 37000322 | ||
| 003 | DLC | ||
| 005 | 20260227111342.0 | ||
| 008 | 780327s1937 iluab s000 0 eng | ||
| 010 | _ags 37000322 | ||
| 035 | _a(OCoLC)3752606 | ||
| 040 |
_aDLC _cInES _dDLC |
||
| 042 | _apremarc | ||
| 050 | 0 | 0 |
_aQE673 _b.N4 |
| 100 | 1 |
_aNewton, William Albert, _d1912- |
|
| 245 | 1 | 0 |
_aStratigraphic studies of Pennsylvanian outcrops in part of southeastern Illinois / _cby William A. Newton and J. Marvin Weller. |
| 260 |
_aUrbana : _bPrinted by authority of the state of Illinois, _c1937. |
||
| 300 |
_a31 p. : _bill., maps, tables, diagr. ; _c25 cm. |
||
| 650 | 0 |
_aGeology _zIllinois. |
|
| 650 | 0 |
_aGeology, Stratigraphic _yPaleozoic. |
|
| 700 | 1 |
_aWeller, J. Marvin _q(James Marvin), _d1899- _ejoint author. |
|
| 999 |
_c27407 _d27407 |
||